[Event "Lichtenberger Sommer 2018"]
[Site "?"]
[Date "2018.08.21"]
[Round "4.49"]
[White "Wörz, Markus"]
[Black "Jeß, Arne"]
[Result "0-1"]
[WhiteElo "2027"]
[BlackElo "1814"]
[PlyCount "67"]
[EventDate "2018.??.??"]
[WhiteTeam "SC Kreuzberg"]
[BlackTeam "TSG Fredersdorf/Vogelsdorf"]

1. e4 c5 2. Nf3 d6 3. d4 cxd4 4. Nxd4 Nf6 5. Nc3 g6 6. Be3 Bg7 7. f3 O-O 8. Bc4
Nc6 9. Qd2 Bd7 10. O-O-O Re8 11. h4 b5 12. Bb3 a5 13. a4 bxa4 14. Bxa4 Ne5 15.
b3 Bxa4 16. Nxa4 Qc7 17. Qe2 Reb8 18. g4 Ned7 19. Qd3 Nc5 20. Nxc5 Qxc5 21. Kd2
Qb4+ 22. c3 Qb7 23. Rb1 Nd7 24. Qc2 Nf8 25. Ra1 Ne6 26. Ra4 Nxd4 27. Bxd4 Bxd4
28. Rxd4 Qxb3 29. Qxb3 Rxb3 30. Rc1 Ra3 31. Rd5 Kg7 32. Rb5 Ra7 33. Kd3 Kf6 34.
Rc2 0-1

[Event "Lichtenberger Sommer 2018"]
[Site "?"]
[Date "2018.08.21"]
[Round "4.50"]
[White "Silz, Elisa"]
[Black "Lieder, Günter"]
[Result "1/2-1/2"]
[WhiteElo "2002"]
[BlackElo "1830"]
[PlyCount "68"]
[EventDate "2018.??.??"]
[WhiteTeam "SV Empor Berlin"]
[BlackTeam "SK Turm Bad Hersfeld"]

1. d4 d5 2. c4 e6 3. Nc3 Nf6 4. Bg5 Be7 5. e3 a6 6. c5 h6 7. Bh4 Nc6 8. Nf3 Bd7
9. a3 b6 10. cxb6 cxb6 11. Bd3 b5 12. b4 O-O 13. O-O Ne8 14. Bxe7 Qxe7 15. e4
dxe4 16. Nxe4 Nf6 17. Nc5 Qd6 18. Re1 Kh8 19. Bc2 Ra7 20. Qd3 Ne7 21. Ne5 Be8
22. Rad1 Ned5 23. Qg3 Qe7 24. Ne4 Kg8 25. Rc1 a5 26. Nxf6+ Qxf6 27. bxa5 Rxa5
28. Be4 Ra4 29. Bxd5 exd5 30. Qe3 Qd6 31. Rc5 f6 32. Nf3 Bd7 33. Qb3 Rc4 34.
Rxc4 bxc4 1/2-1/2

[Event "Lichtenberger Sommer 2018"]
[Site "?"]
[Date "2018.08.21"]
[Round "4.51"]
[White "Geldner, Gerrit"]
[Black "Plaza Reino, Agustin"]
[Result "0-1"]
[WhiteElo "1780"]
[BlackElo "1944"]
[PlyCount "103"]
[EventDate "2018.??.??"]
[WhiteTeam "vereinslos"]
[BlackTeam "Enniscorthy Chess Club"]

1. c4 e5 2. Nc3 Nf6 3. g3 d5 4. cxd5 Nxd5 5. Bg2 Nb6 6. Nf3 Nc6 7. O-O Be7 8.
d3 O-O 9. Nd2 Nd4 10. Nc4 Nxc4 11. dxc4 c6 12. e3 Ne6 13. Qe2 Qb6 14. b3 Nc5
15. Ba3 Bf5 16. e4 Bg6 17. Na4 Nxa4 18. Bxe7 Rfe8 19. Bg5 Nc5 20. Rfd1 Ne6 21.
Be3 Nd4 22. Qb2 c5 23. b4 a5 24. b5 Qe6 25. Rdc1 Bh5 26. Bxd4 exd4 27. Qd2 Bg6
28. e5 Ra7 29. f4 Bf5 30. Bd5 Qg6 31. Qg2 b6 32. Re1 Rae7 33. Kf2 Be6 34. Qe4
Rd8 35. Bxe6 Qxe6 36. Qd3 Qh3 37. Kg1 Rde8 38. Qd2 Qf5 39. Rad1 f6 40. Qg2 fxe5
41. Qd5+ Qf7 42. Qxf7+ Kxf7 43. Re4 Re6 44. f5 R6e7 45. g4 Kf6 46. h4 h5 47.
Rf1 hxg4 48. Kg2 Rd8 49. Kg3 d3 50. Kxg4 Rd4 51. Kf3 Red7 52. Rd1 0-1

[Event "Lichtenberger Sommer 2018"]
[Site "?"]
[Date "2018.08.21"]
[Round "4.52"]
[White "Eisheh, Jens-Tarek"]
[Black "Schulz-Runge, Michael"]
[Result "1-0"]
[WhiteElo "1947"]
[BlackElo "1758"]
[PlyCount "47"]
[EventDate "2018.??.??"]
[WhiteTeam "Lübecker SV"]
[BlackTeam "FS Dortmund"]

1. e4 c5 2. Nc3 Nc6 3. f4 d6 4. Nf3 Nf6 5. Bb5 a6 6. Bxc6+ bxc6 7. d3 g6 8. O-O
Bg7 9. Qe1 Rb8 10. b3 Bg4 11. Bd2 Bxf3 12. Rxf3 Nd7 13. Rb1 Qc7 14. Na4 O-O 15.
Ba5 Qa7 16. Kh1 e5 17. f5 Nf6 18. Qh4 d5 19. Bd2 dxe4 20. dxe4 Rbd8 21. Be3 Qd7
22. Nxc5 Qe7 23. Nd3 Rfe8 24. Bc5 1-0

[Event "Lichtenberger Sommer 2018"]
[Site "?"]
[Date "2018.08.21"]
[Round "4.53"]
[White "Lange, Cecilia"]
[Black "Ostwald, Tobias"]
[Result "1-0"]
[WhiteElo "1959"]
[BlackElo "1796"]
[PlyCount "67"]
[EventDate "2018.??.??"]
[WhiteTeam "TSG Oberschöneweide"]
[BlackTeam "MSA Zugzwang"]

1. e4 c5 2. Nf3 Nc6 3. d4 cxd4 4. Nxd4 e5 5. Nb5 d6 6. N1c3 a6 7. Na3 b5 8. Nd5
Nf6 9. Bg5 Be7 10. Bxf6 Bxf6 11. c3 O-O 12. g3 Bg5 13. Bg2 Be6 14. Nc2 a5 15.
O-O Rb8 16. Nce3 Bxe3 17. Nxe3 Ne7 18. Qe2 Qc7 19. Rfd1 f5 20. exf5 Nxf5 21.
Bd5 Bxd5 22. Rxd5 b4 23. Nxf5 Rxf5 24. c4 Rbf8 25. Rf1 Qb6 26. b3 Rf3 27. Qd2
R8f6 28. Rb5 Qa7 29. c5 Qa6 30. Qd5+ Kf8 31. Rb8+ Ke7 32. Ra8 Rd3 33. Qg8 Qc6
34. Ra7+ 1-0

[Event "Lichtenberger Sommer 2018"]
[Site "?"]
[Date "2018.08.21"]
[Round "4.54"]
[White "Jimenez Jimenez, Darfo"]
[Black "Wallmann, Bodo"]
[Result "1/2-1/2"]
[WhiteElo "1778"]
[BlackElo "1814"]
[PlyCount "87"]
[EventDate "2018.??.??"]
[WhiteTeam "La corrala Lavapies"]
[BlackTeam "SC Kreuzberg"]

1. e4 c5 2. Nf3 d6 3. d4 cxd4 4. c3 d3 5. Bxd3 Nc6 6. O-O Nf6 7. c4 Bg4 8. Nbd2
e5 9. h3 Bd7 10. a3 a5 11. c5 Be7 12. Nc4 dxc5 13. Nfxe5 Nxe5 14. Nxe5 O-O 15.
Nxd7 Qxd7 16. Qf3 Qc6 17. Re1 Nd7 18. Qg3 Bf6 19. f4 Bd4+ 20. Kh1 g6 21. e5
Rfe8 22. Rb1 c4 23. Be4 Qb6 24. Be3 Bxe3 25. Rxe3 Rad8 26. b3 Nc5 27. bxc4 Nxe4
28. Rxb6 Nxg3+ 29. Rxg3 Rd4 30. Rf3 Rxc4 31. Rxb7 a4 32. Rb4 Rec8 33. Rxc4 Rxc4
34. g3 Rc1+ 35. Kg2 Rb1 36. Rf2 Rb3 37. Ra2 Kf8 38. h4 h5 39. Rc2 Rxa3 40. Rc5
Rb3 41. Ra5 a3 42. Ra6 Rb2+ 43. Kf3 a2 44. Ke4 1/2-1/2

[Event "Lichtenberger Sommer 2018"]
[Site "?"]
[Date "2018.08.21"]
[Round "4.55"]
[White "Schmidt, Rico"]
[Black "Regel, Michael"]
[Result "1/2-1/2"]
[WhiteElo "1804"]
[BlackElo "1692"]
[PlyCount "76"]
[EventDate "2018.??.??"]
[WhiteTeam "SG Weißensee 49"]
[BlackTeam "SC Friesen Lichtenberg"]

1. d4 Nf6 2. Nc3 d5 3. Bf4 a6 4. Nf3 Bf5 5. h3 e6 6. e3 c5 7. dxc5 Bxc5 8. Bd3
Bxd3 9. cxd3 Nc6 10. O-O O-O 11. Rc1 Ba7 12. Bg5 h6 13. Bxf6 Qxf6 14. d4 Rac8
15. Na4 Qe7 16. Nc5 Bxc5 17. dxc5 Rfd8 18. Nd4 Nxd4 19. exd4 e5 20. Re1 e4 21.
Re3 f5 22. Rb3 Rc6 23. Qd2 Qc7 24. Rcc3 Rb8 25. Ra3 f4 26. b4 Rg6 27. Kf1 Rf8
28. f3 exf3 29. Rxf3 Rg3 30. Qe2 Qf7 31. Rxg3 fxg3+ 32. Rf3 Qg6 33. Rxf8+ Kxf8
34. Qf3+ Ke7 35. Qxd5 Qd3+ 36. Ke1 Qe3+ 37. Kd1 Qd3+ 38. Ke1 Qe3+ 1/2-1/2

[Event "Lichtenberger Sommer 2018"]
[Site "?"]
[Date "2018.08.21"]
[Round "4.56"]
[White "Hesselbarth, Karlheinz"]
[Black "Alten, Silvio"]
[Result "0-1"]
[WhiteElo "1723"]
[BlackElo "1899"]
[PlyCount "52"]
[EventDate "2018.??.??"]
[WhiteTeam "SC Zugzwang 95 (Berlin)"]
[BlackTeam "SV Mattnetz Berlin"]

1. d4 Nf6 2. c4 e6 3. Nc3 Bb4 4. e3 O-O 5. Bd3 d5 6. Nf3 dxc4 7. Bxc4 c5 8. O-O
cxd4 9. exd4 b6 10. Qb3 Bd6 11. Bg5 Bb7 12. Nb5 Be7 13. Rad1 Nd5 14. Be3 Nd7
15. Ne5 a6 16. Nc3 N7f6 17. Rfe1 Qc7 18. Bg5 b5 19. Bd3 h6 20. Be3 Rac8 21. Rc1
Qb8 22. Red1 Rfd8 23. Bd2 Rc7 24. Ne2 Ba8 25. Ba5 Nb6 26. f3 Bd5 0-1

[Event "Lichtenberger Sommer 2018"]
[Site "?"]
[Date "2018.08.21"]
[Round "4.57"]
[White "Grillich, Alexander"]
[Black "Ho, Ngoc Hai-Dang"]
[Result "0-1"]
[WhiteElo "1941"]
[BlackElo "1582"]
[PlyCount "120"]
[EventDate "2018.??.??"]
[WhiteTeam "SC Rochade (Berlin)"]
[BlackTeam "SV Mattnetz Berlin"]

1. e4 e5 2. Nf3 Nc6 3. d4 exd4 4. Nxd4 Bc5 5. Nxc6 dxc6 6. Qxd8+ Kxd8 7. Bc4
Ke7 8. Bf4 Bd6 9. e5 Bb4+ 10. c3 Ba5 11. O-O h6 12. Nd2 Be6 13. b4 Bb6 14. Rad1
g5 15. Bg3 h5 16. h4 g4 17. Bxe6 Kxe6 18. Ne4 Nh6 19. c4 a6 20. c5 Ba7 21. Ng5+
Ke7 22. e6 Rad8 23. Bxc7 Rxd1 24. Rxd1 fxe6 25. Rd6 Nf5 26. Rxe6+ Kd7 27. Be5
Re8 28. Rxe8 Kxe8 29. Ne4 Ke7 30. Nd6 Nxd6 31. Bxd6+ Ke6 32. f4 gxf3 33. gxf3
a5 34. a3 axb4 35. axb4 b6 36. Kg2 bxc5 37. bxc5 Kd5 38. Kf1 Bxc5 39. Bg3 Bb4
40. Ke2 Kc4 41. Ke3 Kd5 42. Bc7 Bc5+ 43. Kd3 Bf2 44. Bd8 c5 45. f4 c4+ 46. Kc3
Be1+ 47. Kc2 Bb4 48. f5 Ke5 49. f6 Ke6 50. Be7 Be1 51. Bd8 Kf7 52. Bc7 Kxf6 53.
Bd8+ Kf5 54. Kd1 Bb4 55. Bg5 Kg4 56. Ke2 Bd6 57. Ke3 Bg3 58. Kd4 Bxh4 59. Be3
Bg3 60. Kxc4 h4 0-1

[Event "Lichtenberger Sommer 2018"]
[Site "?"]
[Date "2018.08.21"]
[Round "4.58"]
[White "Kievelitz, Bernd"]
[Black "Weber, Gerald"]
[Result "1/2-1/2"]
[WhiteElo "1868"]
[BlackElo "1714"]
[PlyCount "76"]
[EventDate "2018.??.??"]
[WhiteTeam "SC Zitadelle Spandau"]
[BlackTeam "SSV Rotation Berlin"]

1. Nf3 d5 2. d4 c6 3. c4 Nf6 4. Qb3 Nbd7 5. g3 e6 6. Bg2 Qb6 7. O-O Qxb3 8.
axb3 Bd6 9. Nc3 O-O 10. e4 dxe4 11. Ng5 Be7 12. Ngxe4 Nxe4 13. Nxe4 Nf6 14. Nc3
Rd8 15. Rd1 Bd6 16. Bg5 Be7 17. Na4 h6 18. Bf4 Bd6 19. Bxd6 Rxd6 20. Nb6 Rb8
21. Rxa7 Rd8 22. c5 Nd7 23. Na4 Nf6 24. Nc3 Bd7 25. b4 Nd5 26. Nxd5 exd5 27. b5
cxb5 28. Bxd5 Bg4 29. f3 Rxd5 30. fxg4 Kf8 31. Ra5 Ke8 32. Rxb5 Kd7 33. b4 Kc7
34. Kf2 Re8 35. Rb6 Re4 36. Rd6 Rxd6 37. cxd6+ Kxd6 38. Kf3 Kd5 1/2-1/2

[Event "Lichtenberger Sommer 2018"]
[Site "?"]
[Date "2018.08.21"]
[Round "4.59"]
[White "Miowitz, Torsten"]
[Black "Lalaev, Ashur"]
[Result "1-0"]
[WhiteElo "1858"]
[BlackElo "1656"]
[PlyCount "129"]
[EventDate "2018.??.??"]
[WhiteTeam "Lasker Steglitz-Wilmersdorf"]
[BlackTeam "TuS Makkabi Berlin"]

1. d4 d5 2. c4 e6 3. Nc3 Nf6 4. cxd5 Nxd5 5. e4 Nxc3 6. bxc3 c5 7. Nf3 cxd4 8.
cxd4 Bb4+ 9. Bd2 Qa5 10. Bc4 Nc6 11. Rc1 O-O 12. Bxb4 Qxb4+ 13. Qd2 Qxd2+ 14.
Kxd2 Rd8 15. Ke3 Bd7 16. a3 Rac8 17. d5 Na5 18. Ba2 exd5 19. exd5 Re8+ 20. Kd2
Rcd8 21. Rc3 Bb5 22. Re1 Rxe1 23. Nxe1 Bf1 24. g3 g6 25. Nc2 Nc6 26. Ke1 Bg2
27. dxc6 Re8+ 28. Re3 Rxe3+ 29. Nxe3 Bxc6 30. Bd5 Kf8 31. Bxc6 bxc6 32. Kd2 Ke7
33. Kc3 Kd6 34. Kd4 c5+ 35. Kc4 Ke5 36. f3 f5 37. Nc2 g5 38. Kd3 h5 39. Ne3 f4
40. Nc4+ Kf5 41. Nd6+ Ke5 42. Nc4+ Kf5 43. gxf4 Kxf4 44. Ke2 g4 45. fxg4 Kxg4
46. Kf2 Kh3 47. Kg1 Kg4 48. Kg2 h4 49. a4 h3+ 50. Kf2 Kf4 51. Nd2 Ke5 52. Ke3
Kf5 53. Nc4 Kg4 54. Ke4 Kg5 55. a5 Kg4 56. a6 Kg5 57. Nb6 Kg4 58. Nd5 Kg5 59.
Nf4 Kg4 60. Nxh3 Kxh3 61. Kd5 Kxh2 62. Kxc5 Kg2 63. Kc6 Kf3 64. Kb7 Ke4 65.
Kxa7 1-0

[Event "Lichtenberger Sommer 2018"]
[Site "?"]
[Date "2018.08.21"]
[Round "4.60"]
[White "Wilke, Hans-Peter"]
[Black "Kretzschmar, Jan"]
[Result "0-1"]
[WhiteElo "1515"]
[BlackElo "1817"]
[PlyCount "64"]
[EventDate "2018.??.??"]
[WhiteTeam "Läufer Reinickendorf"]
[BlackTeam "SC Kreuzberg"]

1. d4 d5 2. Nf3 Nf6 3. Bf4 c5 4. e3 Qb6 5. b3 Bf5 6. Bd3 Bxd3 7. Qxd3 e6 8. c3
Nc6 9. Nbd2 h6 10. h3 Be7 11. Ne5 cxd4 12. exd4 Rc8 13. O-O Qd8 14. Rfe1 a6 15.
a4 Nd7 16. Ndf3 Nf6 17. Nd2 Nd7 18. Ndf3 Bf6 19. Nxd7 Qxd7 20. Ne5 Qd8 21. Nxc6
Rxc6 22. Be5 Bxe5 23. Rxe5 O-O 24. Rb1 Qc7 25. Rc1 Rc8 26. Re3 Qd6 27. b4 Rc4
28. Rb1 Qc7 29. Rb3 Qd7 30. a5 Qa4 31. Qd1 Rxc3 32. Rexc3 Rxc3 0-1

[Event "Lichtenberger Sommer 2018"]
[Site "?"]
[Date "2018.08.21"]
[Round "4.61"]
[White "Schumacher, Gerhard"]
[Black "Mueller, Jörg René"]
[Result "1-0"]
[WhiteElo "1759"]
[BlackElo "1547"]
[PlyCount "131"]
[EventDate "2018.??.??"]
[WhiteTeam "SG BVG Helmholz 55"]
[BlackTeam "SC Zugzwang 95 (Berlin)"]

1. Nf3 b5 2. e4 a6 3. c3 e6 4. d3 Bb7 5. Nbd2 c5 6. Be2 Be7 7. Qc2 Nf6 8. O-O
Qc7 9. a4 O-O 10. axb5 axb5 11. Rxa8 Bxa8 12. d4 c4 13. e5 Ne8 14. b3 Bd5 15.
bxc4 bxc4 16. Qa4 f6 17. Bxc4 Bxf3 18. Nxf3 fxe5 19. dxe5 Rxf3 20. gxf3 Qxe5
21. Qb5 Qd6 22. Be2 Nc6 23. Rd1 Qc7 24. Be3 Nf6 25. c4 Kf7 26. f4 g6 27. Qb6
Qc8 28. Bf3 h5 29. Rb1 d5 30. Qb7 Qxb7 31. Rxb7 Ke8 32. cxd5 Nxd5 33. Be4 Kf7
34. Bxd5 exd5 35. Rc7 d4 36. Bd2 Nd8 37. Bb4 Ke6 38. Rxe7+ Kf6 39. Rd7 Nf7 40.
Rxd4 Kf5 41. Kg2 Ke6 42. Kf3 Nh6 43. Rd6+ Kf7 44. Bc3 Ng8 45. Ke4 h4 46. h3 Ne7
47. Rd7 Ke6 48. Rxe7+ Kxe7 49. Ke5 Kf7 50. Bb4 Kg7 51. Be7 Kh6 52. Bxh4 Kh5 53.
Be7 Kh6 54. f5 Kg7 55. fxg6 Kxg6 56. f4 Kf7 57. Bd6 Ke8 58. Ke6 Kd8 59. f5 Ke8
60. f6 Kd8 61. f7 Kc8 62. f8=Q+ Kb7 63. Kd5 Kb6 64. Qb8+ Ka5 65. Kc5 Ka4 66.
Qb4# 1-0

[Event "Lichtenberger Sommer 2018"]
[Site "?"]
[Date "2018.08.21"]
[Round "4.62"]
[White "Völler, Lothar"]
[Black "Kornrumpf, Joachim"]
[Result "0-1"]
[WhiteElo "1689"]
[BlackElo "2062"]
[PlyCount "60"]
[EventDate "2018.??.??"]
[WhiteTeam "FS Dortmund"]
[BlackTeam "Preetzer TSV"]

1. Nf3 c5 2. g3 b6 3. Bg2 Bb7 4. d3 g6 5. e4 Bg7 6. Nc3 Nc6 7. O-O Nd4 8. Nxd4
cxd4 9. Ne2 Qc7 10. Bf4 e5 11. Bd2 Ne7 12. f4 d6 13. fxe5 dxe5 14. c4 O-O 15.
Qc1 f5 16. exf5 Bxg2 17. Kxg2 Qc6+ 18. Kg1 Nxf5 19. b4 Rac8 20. b5 Qb7 21. a4
e4 22. Qc2 Ne3 23. Rxf8+ Rxf8 24. Bxe3 dxe3 25. Rf1 Rxf1+ 26. Kxf1 Qf7+ 27. Kg2
Qf3+ 28. Kg1 Qf2+ 29. Kh1 exd3 30. Qxd3 Qf1+ 0-1

[Event "Lichtenberger Sommer 2018"]
[Site "?"]
[Date "2018.08.21"]
[Round "4.63"]
[White "Roth, Joachim"]
[Black "Wahner, Eberhard"]
[Result "1-0"]
[WhiteElo "1959"]
[BlackElo "1605"]
[PlyCount "122"]
[EventDate "2018.??.??"]
[WhiteTeam "SG Bund"]
[BlackTeam "SC Eintracht Berlin"]

1. c4 c5 2. Nc3 Nc6 3. g3 g6 4. Bg2 Bg7 5. d3 Nf6 6. e3 O-O 7. Nge2 Re8 8. O-O
d6 9. f4 e5 10. h3 exf4 11. Nxf4 Rb8 12. Kh2 Ne5 13. Rb1 a6 14. a3 b5 15. cxb5
axb5 16. b4 c4 17. dxc4 Nxc4 18. Ncd5 Bf5 19. Nxf6+ Bxf6 20. Nd5 Bg7 21. Rb3
Rc8 22. e4 Bxe4 23. Bxe4 Rxe4 24. Rbf3 f5 25. Nf4 Qd7 26. Qd5+ Kh8 27. Rd3 Rce8
28. h4 R4e5 29. Qf3 Re4 30. Rfd1 Ne5 31. Qf1 Nxd3 32. Qxd3 Rd4 33. Qf3 Rxd1 34.
Qxd1 Be5 35. Qd5 Bf6 36. Ng2 Re2 37. Bh6 Bg7 38. Bf4 Re6 39. Bg5 Re5 40. Qd3
Qe6 41. Nf4 Qd7 42. h5 Qe8 43. h6 Bf8 44. Bf6+ Kg8 45. Bxe5 dxe5 46. Qd5+ Kh8
47. Ne6 Qf7 48. Qxe5+ Kg8 49. Nxf8 Qxf8 50. Qxb5 Qxh6+ 51. Kg2 Qd2+ 52. Kf3
Qc3+ 53. Kf4 Qxa3 54. Qc5 Qa8 55. Qc4+ Kg7 56. b5 Qb8+ 57. Kf3 Qb7+ 58. Qc6 Qe7
59. b6 Qa3+ 60. Kg2 Qe3 61. Qc7+ Kh6 1-0

[Event "Lichtenberger Sommer 2018"]
[Site "?"]
[Date "2018.08.21"]
[Round "4.64"]
[White "Tedesco, Gennaro"]
[Black "Spors, Carl Philip"]
[Result "0-1"]
[WhiteElo "1706"]
[BlackElo "1902"]
[PlyCount "78"]
[EventDate "2018.??.??"]
[WhiteTeam "SC Kreuzberg"]
[BlackTeam "Lasker Steglitz-Wilmersdorf"]

1. d4 d5 2. c4 e6 3. Nf3 c6 4. g3 dxc4 5. Bg2 b5 6. O-O Bb7 7. b3 cxb3 8. Qxb3
Nd7 9. Rd1 Ngf6 10. Ba3 Bxa3 11. Nxa3 O-O 12. Rac1 Qb6 13. e3 Rfd8 14. Qb1 a6
15. Rd2 Qa7 16. Rcd1 Nd5 17. Ng5 N7f6 18. Qc1 h6 19. Ne4 Nxe4 20. Bxe4 Rac8 21.
Rc2 c5 22. Rxc5 Rxc5 23. dxc5 Rc8 24. Qd2 Qxc5 25. Nc2 f5 26. Bxd5 Qxd5 27.
Qxd5 Bxd5 28. Nb4 Bf3 29. Rb1 Be4 30. Rd1 a5 31. Nd3 Rc2 32. Nf4 Kf7 33. h4
Rxa2 34. Kf1 g5 35. hxg5 hxg5 36. Nd3 Bxd3+ 37. Rxd3 b4 38. Rb3 g4 39. e4 Ra3
0-1

[Event "Lichtenberger Sommer 2018"]
[Site "?"]
[Date "2018.08.21"]
[Round "4.65"]
[White "Gräbnitz, Marc-Florian"]
[Black "Keusch, Horst"]
[Result "1-0"]
[WhiteElo "1495"]
[BlackElo "1932"]
[PlyCount "56"]
[EventDate "2018.??.??"]
[WhiteTeam "SC Eintracht Berlin"]
[BlackTeam "SC Friesen Lichtenberg"]

1. d4 Nf6 2. Nf3 e6 3. c4 b6 4. Nc3 Bb7 5. e3 Bb4 6. Bd3 Ne4 7. Qb3 a5 8. O-O
f5 9. a3 Bxc3 10. bxc3 d6 11. c5 Bd5 12. c4 Bc6 13. cxb6 cxb6 14. a4 Nd7 15.
Ba3 Ndf6 16. Rfb1 Rb8 17. c5 Bd5 18. Qb5+ Kf7 19. cxb6 Nc3 20. Qxa5 Nxb1 21.
Rxb1 Bxf3 22. gxf3 Nd5 23. Qa7+ Kf6 24. b7 Qc7 25. Ba6 Ke7 26. Rc1 Nc3 27. Bb2
Ne2+ 28. Bxe2 Qxb7 1-0

[Event "Lichtenberger Sommer 2018"]
[Site "?"]
[Date "2018.08.21"]
[Round "4.66"]
[White "Schmidt, Jürgen"]
[Black "Zielke, Ansgar"]
[Result "1-0"]
[WhiteElo "1874"]
[BlackElo "1608"]
[PlyCount "105"]
[EventDate "2018.??.??"]
[WhiteTeam "SC Kreuzberg"]
[BlackTeam "Borussia Lichtenberg"]

1. e4 c5 2. Nf3 e6 3. d4 cxd4 4. Nxd4 Nc6 5. Nc3 Qc7 6. Be3 a6 7. Bd3 Nf6 8.
O-O Be7 9. Qe2 O-O 10. Kh1 Rd8 11. f4 d5 12. exd5 Nxd5 13. Nxd5 Rxd5 14. Nxc6
bxc6 15. f5 Qe5 16. Rae1 Bf6 17. Bc4 Rd8 18. c3 Re8 19. Qc2 Qc7 20. Bc5 Bd7 21.
fxe6 Bxe6 22. Bxe6 Rxe6 23. Rxe6 fxe6 24. Qe4 e5 25. g3 Qd7 26. Qc4+ Qd5+ 27.
Qxd5+ cxd5 28. Rd1 Rd8 29. Kg2 Kf7 30. b4 Ke6 31. Kf2 e4 32. Rc1 d4 33. cxd4
Bxd4+ 34. Bxd4 Rxd4 35. Rc6+ Kf7 36. a3 Rd2+ 37. Ke3 Rd3+ 38. Kxe4 Rxa3 39. Kd5
Ke7 40. Rc7+ Kf6 41. Ra7 h5 42. b5 Rd3+ 43. Ke4 Rd2 44. Rxa6+ Kg5 45. h4+ Kg4
46. Rg6+ Kh3 47. Rxg7 Rb2 48. Rg5 Rb1 49. Rxh5 Kxg3 50. Rc5 Kxh4 51. Kd5 Kg5
52. Kc6+ Kf6 53. b6 1-0

[Event "Lichtenberger Sommer 2018"]
[Site "?"]
[Date "2018.08.21"]
[Round "4.67"]
[White "Wadepfuhl, Jeremy"]
[Black "Matitschka, Johannes"]
[Result "0-1"]
[WhiteElo "1526"]
[BlackElo "1774"]
[PlyCount "76"]
[EventDate "2018.??.??"]
[WhiteTeam "Borussia Lichtenberg"]
[BlackTeam "TSG Oberschöneweide"]

1. b3 Nf6 2. Bb2 e6 3. e3 d5 4. c4 c5 5. cxd5 exd5 6. d4 cxd4 7. Qxd4 Nc6 8.
Bb5 Bd7 9. Bxc6 Bxc6 10. Nc3 Bd6 11. Nf3 Qe7 12. Rd1 Rd8 13. O-O Bc5 14. Qh4
O-O 15. Nd4 Ne4 16. Qxe7 Bxe7 17. Nxe4 dxe4 18. Nf5 Bf6 19. Bxf6 gxf6 20. Ne7+
Kg7 21. Nxc6 bxc6 22. Rd4 Rxd4 23. exd4 Rd8 24. Rd1 c5 25. d5 f5 26. d6 Kf6 27.
Rd5 Ke6 28. Rxc5 Rxd6 29. Kf1 Ra6 30. Rc2 f4 31. Ke2 Kd5 32. Kd2 f5 33. a4 Rb6
34. Rc3 a5 35. Kc2 Rc6 36. Rxc6 Kxc6 37. g3 f3 38. g4 e3 0-1

[Event "Lichtenberger Sommer 2018"]
[Site "?"]
[Date "2018.08.21"]
[Round "4.68"]
[White "Morczynski, Joachim"]
[Black "Plaza Reino, Mercedes"]
[Result "0-1"]
[WhiteElo "1583"]
[BlackElo "1701"]
[PlyCount "86"]
[EventDate "2018.??.??"]
[WhiteTeam "SK Zehlendorf"]
[BlackTeam "Enniscorthy Chess Club"]

1. e4 c5 2. Nf3 e6 3. c4 a6 4. Nc3 Qc7 5. Be2 Nc6 6. O-O Nf6 7. h3 Be7 8. d4
cxd4 9. Nxd4 O-O 10. Be3 d6 11. Qc2 Bd7 12. Nd5 exd5 13. cxd5 Rfc8 14. dxc6
bxc6 15. f4 Bf8 16. g4 c5 17. Nb3 Bb5 18. Bf2 Qb7 19. Bxb5 axb5 20. Nd2 Qc6 21.
Bh4 Nd7 22. Nf3 Re8 23. Nd2 Qb7 24. a3 Rac8 25. Rae1 c4 26. Kh2 Nc5 27. Re3 Nd3
28. b3 d5 29. e5 Bxa3 30. Rxd3 cxd3 31. Qxd3 Be7 32. Bg3 b4 33. Qe2 Bf8 34. f5
Qd7 35. g5 Rc6 36. Nf3 d4 37. Re1 d3 38. Qe3 Rc2+ 39. Kg1 Bc5 40. Bf2 Bxe3 41.
Bxe3 Qd5 42. Nd2 Qxe5 43. Nf3 Qg3+ 0-1

[Event "Lichtenberger Sommer 2018"]
[Site "?"]
[Date "2018.08.21"]
[Round "4.69"]
[White "Pathasart, Somchay"]
[Black "Schmalzried, Volker"]
[Result "1-0"]
[WhiteElo "1750"]
[BlackElo "1807"]
[PlyCount "85"]
[EventDate "2018.??.??"]
[WhiteTeam "SG Weißensee 49"]
[BlackTeam "vereinslos"]

1. d4 g6 2. Nf3 Bg7 3. c4 c5 4. e3 cxd4 5. exd4 d5 6. cxd5 Qxd5 7. Nc3 Qd8 8.
Bc4 Nc6 9. Be3 Nf6 10. d5 Nb8 11. Bf4 O-O 12. O-O Bg4 13. Re1 Re8 14. Qb3 Bxf3
15. gxf3 Nbd7 16. d6 e6 17. Nb5 Nh5 18. Bg3 Nxg3 19. hxg3 Ne5 20. Nc7 Nxc4 21.
Nxe8 Nd2 22. Qd3 Nxf3+ 23. Qxf3 Qxe8 24. Rad1 Qd7 25. b3 Bf8 26. Re4 Rd8 27.
Red4 Bg7 28. Rb4 b6 29. Rc4 e5 30. Rc7 Qe6 31. d7 f5 32. Rc8 Bf6 33. Rxd8+ Bxd8
34. Qa8 Qe7 35. Qd5+ Kg7 36. Kg2 f4 37. Re1 fxg3 38. fxg3 Kf6 39. Rc1 Kg7 40.
Rc6 Qa3 41. Qxe5+ Kh6 42. Qf4+ Bg5 43. Qxg5+ 1-0

[Event "Lichtenberger Sommer 2018"]
[Site "?"]
[Date "2018.08.21"]
[Round "4.70"]
[White "Schubert, Joachim"]
[Black "Vesely, Martin"]
[Result "1-0"]
[WhiteElo "1845"]
[BlackElo "1703"]
[PlyCount "81"]
[EventDate "2018.??.??"]
[WhiteTeam "SC Friesen Lichtenberg"]
[BlackTeam "SV Berlin-Friedrichstadt"]

1. e4 c5 2. Nf3 d6 3. d4 cxd4 4. Nxd4 Nc6 5. Be2 Nf6 6. Nc3 a6 7. a4 e5 8. Nb3
Be7 9. O-O O-O 10. Be3 Bd7 11. a5 Be6 12. Bb6 Qd7 13. f3 Bxb3 14. cxb3 Rac8 15.
Bc4 Nd8 16. f4 exf4 17. Rxf4 Ne6 18. Rf2 Nc5 19. Qe2 Qg4 20. Nd5 Qd7 21. Nc3
Qg4 22. Re1 Qxe2 23. Rfxe2 Bd8 24. e5 Bxb6 25. axb6 dxe5 26. Rxe5 Ncd7 27. Re7
Rc6 28. Nd5 Nxb6 29. Nxb6 Rxb6 30. Rc7 h6 31. Ree7 Rd6 32. Bxf7+ Kh8 33. Rxb7
Rd1+ 34. Kf2 Rd2+ 35. Kg3 Rd3+ 36. Kf2 Rd2+ 37. Kf1 Ng4 38. h3 Nf6 39. Kg1 Rxb2
40. Bc4 Ne8 41. Rb8 1-0

[Event "Lichtenberger Sommer 2018"]
[Site "?"]
[Date "2018.08.21"]
[Round "4.71"]
[White "Fiedler, Ronald"]
[Black "Bergmann, Jens"]
[Result "0-1"]
[WhiteElo "1657"]
[BlackElo "1835"]
[PlyCount "76"]
[EventDate "2018.??.??"]
[WhiteTeam "Läufer Reinickendorf"]
[BlackTeam "SK Tempelhof 1931"]

1. d4 Nf6 2. c4 e6 3. Nc3 Bb4 4. Bd2 b6 5. e3 O-O 6. Be2 Bb7 7. Bf3 Nc6 8. a3
Be7 9. b4 Qc8 10. Nge2 a5 11. b5 Nd8 12. Bxb7 Qxb7 13. O-O Ne4 14. Ng3 Nd6 15.
Qe2 f5 16. e4 fxe4 17. Ncxe4 N8f7 18. c5 bxc5 19. Nxc5 Qxb5 20. Qg4 Nc4 21. Bc3
Nh6 22. Qh5 Nb6 23. Nge4 Qc4 24. Rac1 Rf5 25. Qh3 Qd5 26. g4 Rf4 27. f3 Nc4 28.
Nd3 Rff8 29. Rf2 Bxa3 30. Re1 Qb5 31. f4 Bb4 32. Rb1 Qd5 33. Re2 Bxc3 34. Nxc3
Qxd4+ 35. Nf2 Rxf4 36. Rd1 Qb6 37. Rd3 Rxg4+ 38. Rg3 Rxg3+ 0-1

[Event "Lichtenberger Sommer 2018"]
[Site "?"]
[Date "2018.08.21"]
[Round "4.72"]
[White "Metzinger, Hannes"]
[Black "Engesser, Philipp"]
[Result "1-0"]
[WhiteElo "1734"]
[BlackElo "1626"]
[PlyCount "33"]
[EventDate "2018.??.??"]
[WhiteTeam "SK Ottenau"]
[BlackTeam "Esv Askoe Admira Villach"]

1. e4 e6 2. d4 d5 3. exd5 exd5 4. Nf3 Nf6 5. c4 dxc4 6. Bxc4 Bd6 7. O-O O-O 8.
Nc3 a6 9. Bg5 Nbd7 10. Re1 b5 11. Bd5 Rb8 12. Ne5 Nb6 13. Nc6 Bxh2+ 14. Kxh2
Ng4+ 15. Qxg4 Nxd5 16. Bxd8 Bxg4 17. Nxd5 1-0

[Event "Lichtenberger Sommer 2018"]
[Site "?"]
[Date "2018.08.21"]
[Round "4.73"]
[White "Caglar, Erdal"]
[Black "Kautz, Stefan"]
[Result "0-1"]
[WhiteElo "1486"]
[BlackElo "1894"]
[PlyCount "45"]
[EventDate "2018.??.??"]
[WhiteTeam "SW Lichtenrade"]
[BlackTeam "SC Empor Maulwurf Bonn"]

1. e4 c5 2. Nc3 a6 3. f4 d6 4. Nf3 e6 5. d4 cxd4 6. Qxd4 Qc7 7. Bd3 Be7 8. Qf2
Nd7 9. O-O Ngf6 10. f5 O-O 11. Qg3 Nc5 12. Bh6 Nh5 13. Qg4 Nxd3 14. cxd3 Kh8
15. Qxh5 gxh6 16. Qxh6 Rg8 17. Rac1 Qb6+ 18. Rf2 Bd7 19. h4 Rg4 20. Ng5 Bxg5
21. hxg5 Qe3 22. Qf6+ Kg8 23. Kf1 0-1